| 000 | 01348nam a2200385 a 4500 | ||
|---|---|---|---|
| 008 | 211220s1994 aga|||fr|||| 001 0 spa d | ||
| 020 | _a8480860456 | ||
| 041 | _aspa | ||
| 092 |
_c611.018 _l57 _sNOL |
||
| 100 | 1 |
_aNolte, John _94150 |
|
| 245 | 3 |
_aEl cerebro humano. _bIntroducción a la anatomía funcional / _cJohn Nolte |
|
| 250 | _a3a ed. | ||
| 260 |
_aMadrid: _bMosby ; Doyma; _c1994. |
||
| 300 |
_a421 p. _bLáminas en color. |
||
| 500 | _aNolte, J. (1994). El cerebro humano. Introducción a la anatomía funcional. (3a ed.). Madrid : Mosby. | ||
| 590 | _aDonación Elena de Rosso. Diciembre 2021. | ||
| 653 | 3 | _aEl sistema nervioso central | |
| 653 | _aAnatomía macroscópica | ||
| 653 | _aRevestimientos meníngeos del cerebro y de la médula espinal | ||
| 653 | _aVentrículos y líquido cefolorraquídeo | ||
| 653 | _aIrrigación del cerebro | ||
| 653 | _aReceptores sensoriales y sistema nervioso periférico | ||
| 653 | _aMédula espinal | ||
| 653 | _aTronco del encéfalo | ||
| 653 | _aNervios craneales | ||
| 653 | _aDiencéfalo | ||
| 653 | _aSistema visual | ||
| 653 | _aTractos corticoespinal y corticobulbar | ||
| 653 | _aGanglios basales | ||
| 653 | _aCerebelo | ||
| 653 | _aCorteza cerebral | ||
| 653 | _aSistemas olfatorio y límbico | ||
| 653 | _aNeuroanatomía química | ||
| 942 |
_2ddc _cBK |
||
| 999 |
_c3116 _d3116 |
||